Sports Quiz

Random Sports Quiz

150 Homeruns 2 Teams Quiz Stats

 Plays Quiz not verified by Sporcle

Challenge
Share
Tweet
Embed
Score 0/16 Timer 05:00
0 Plays Today
Player % Correct
Alex Rodriguez
86%
Barry Bonds
84.2%
Ken Griffey Jr
79%
Mark McGwire
78.7%
Manny Ramirez
72.1%
Frank Robinson
50.5%
Rafael Palmeiro
50%
Jason Giambi
40.9%
Player % Correct
Jimmie Foxx
39.3%
Vladimir Guerrero
38.2%
Mike Piazza
35.1%
Dave Winfield
32.5%
Joe Carter
30%
Andre Dawson
25.6%
Carlton Fisk
24.3%
Johnny Mize
6.3%

You're not logged in!

Compare scores with friends on all Sporcle quizzes.
Join for Free
OR
Log In

You Might Also Like...

Show Comments

Extras

Created Nov 11, 2009ReportNominate
Tags:150, 2 Teams, humerus, player, team

Top Quizzes Today


Score Distribution

Your Account Isn't Verified!

In order to create a playlist on Sporcle, you need to verify the email address you used during registration. Go to your Sporcle Settings to finish the process.

Report this User

Report this user for behavior that violates our Community Guidelines.

Details: